| 000 | 00700cam a2200229 4500 | ||
|---|---|---|---|
| 001 | 32506 | ||
| 003 | AR-RoBPED | ||
| 005 | 20260407084132.0 | ||
| 008 | 260406s1970 sp ||||| |||| 00| f spa d | ||
| 040 | _aAR-RoBPED | ||
| 041 | _aspa | ||
| 100 | 1 |
_aDelibes, Miguel _d1920-2010 _920418 |
|
| 245 | 1 | 3 |
_aLa hoja roja / _cMiguel Delibes ; prólogo de Francisco Umbral. |
| 260 |
_aNavarra : _bSalvat, _c1970. |
||
| 300 | _a189 p. | ||
| 490 | 0 |
_a(Básica Salvat ; _v4) |
|
| 650 | 1 | 7 |
_aLITERATURA ESPAÑOLA _9687 |
| 650 | 1 | 7 |
_aNOVELAS _925 |
| 700 | 1 |
_aUmbral, Francisco _d1932-2007 _924210 _cpról. |
|
| 942 |
_2udc _ak. 32506 _cBK _h860-31 _mD 35 h _nInv. 42364 |
||
| 945 | _asa 06/04/2026 mev 07/04/2026 | ||
| 999 |
_c32506 _d32506 |
||